000
00291nam a22001337a 4500
008
181106b xxu||||| |||| 00| 0 eng d
020
_a
9780073229874
041
_a
eng
080
_2
3rd
_a
371
100
_a
46
101
_a
EDU
245
_a
Power Learning
_c
Feldman,R.S
942
_2
udc
_c
BK
999
_c
52025
_d
52025